| Tag |
First Indicator |
Second Indicator |
Subfields |
| LEADER |
00000cam a2200000 a 4500 |
| 001 |
in00001502022 |
| 005 |
20151021074404.0 |
| 008 |
990702s1993 sz a 000 1 ger c |
| 020 |
|
|
|a 3251002171
|
| 035 |
|
|
|a (OCoLC)ocm47038704
|
| 035 |
|
|
|9 AJH7774AM
|
| 040 |
|
|
|a TXA
|c TXA
|d UtOrBLW
|
| 041 |
1 |
|
|a ger
|h eng
|
| 043 |
|
|
|a n-us---
|
| 049 |
|
|
|a TXAM
|
| 050 |
|
4 |
|a PS3554.J47
|b B6815 1993
|
| 100 |
1 |
|
|a Djerassi, Carl.
|
| 240 |
1 |
0 |
|a Bourbaki gambit.
|l German
|
| 245 |
1 |
4 |
|a Das Bourbaki Gambit :
|b Roman /
|c Carl Djerassi ; aus dem Amerikanischen von Ursula-Maria Mössner.
|
| 264 |
|
1 |
|a Zürich :
|b Haffmans Verlag,
|c [1993]
|
| 264 |
|
4 |
|c ©1993
|
| 300 |
|
|
|a 277 pages :
|b illustrations ;
|c 22 cm.
|
| 336 |
|
|
|a text
|b txt
|2 rdacontent
|
| 337 |
|
|
|a unmediated
|b n
|2 rdamedia
|
| 338 |
|
|
|a volume
|b nc
|2 rdacarrier
|
| 536 |
|
|
|a A gift from the library of Herbert A. Roeller, December 1998.
|
| 650 |
|
0 |
|a Intellectuals
|z United States
|v Fiction.
|
| 650 |
|
0 |
|a Polymerase chain reaction
|v Fiction.
|
| 650 |
|
0 |
|a Scientists
|z United States
|v Fiction.
|
| 650 |
|
0 |
|a Older people
|z United States
|v Fiction.
|
| 700 |
1 |
|
|a Mössner, Ursula-Maria.
|
| 948 |
|
|
|a cataloged
|b h
|c 2001/5/30
|d o
|e rdavis
|f 2:01:44 pm
|
| 994 |
|
|
|a E0
|b TXA
|
| 999 |
|
|
|a MARS
|
| 999 |
f |
f |
|s ba895cbe-593e-3818-a645-f9be69f918aa
|i 48f362f8-a0f5-358a-a496-38bbad148799
|t 0
|
| 952 |
f |
f |
|p ric
|a Texas A&M University
|b Rellis Campus
|c Joint Library Facility
|d Remote Storage
|t 0
|e PS3554.J47 B6815 1993
|h Library of Congress classification
|i unmediated -- volume
|m A14827695051
|
| 998 |
f |
f |
|a PS3554.J47 B6815 1993
|t 0
|l Remote Storage
|